LEADER 00511nas a2200157 i 4500 001 000000129683 003 CaOOAMICUS 005 20041006000000.0 008 041006b it uu u0 0ita r 013 $a102416 040 $aSeMil$bita 245 10$aTitolo mancante. 773 0 $tBene.$dMilano : Tipografia Lodovico Felice Cogliati, 1889.$w()1970 850 $aSeMil 852 $aSeMil$W1$xVenegono$y1$m242 6 15-26$j83791$B83791$CSeMilBibl$Z2$F87116 $82 996 $6245$aTitolo mancante$9(OLS)http://semarc/title/46445 LEADER 01299nam a2200277 i 4500 001 000000180849 003 CaOOAMICUS 005 20090729000000.0 008 090729s1931 it u000 u ita u 013 $a158595 040 $aSeMil$bita 100 1 $aAntonio : da Padova .$0(OLS)http://semarc/name/9799 240 10$aFrate Tommaso da Pavia : Dialogo delle gesta di sant'Antonio di Padova.$0(OLS)http://semarc/title/409017 240 10$aSant'Antonio di Padova : frammenti oratori.$0(OLS)http://semarc/title/259701 245 10$aStudi introduttivi /$cPer s. Antonio da Padova ; a cura del p. dott. cav. N. Rosati. 260 $aSiena :$bCantagalli,$c1931. 300 $aXXXVI, 134 p., [3] c. di tav. ;$c19 cm. 490 0 $aI classici cristiani ;$v24 600 04$aAntonio : da Padova .$0(OLS)http://semarc/subject/2023 700 1 $aRosati, Nazario,$c.$0(OLS)http://semarc/name/39816 830 2$aI classici cristiani ;$v24.$0(OLS)http://semarc/title/386 850 $aSeMil 852 $aSeMil$W1$xVenegono$y1$m2S I 372$j131597$B131597$CSeMilBibl$Z2$F143466 $81 961 $aOmaggio: Altro 996 $6245$aStudi introduttivi$9(OLS)http://semarc/title/259700 996 $6260$aSiena :$bCantagalli$9(OLS)http://semarc/publisher/29767